000
00203nam a2200085Ia 4500
008
250605s9999 xx 000 0 und d
041
_a
eng
100
_a
Kajal Singh
245
_a
NeoDove Technologies Pvt. Ltd.
999
_c
45332
_d
45332